ARRUPE JESUIT UNIVERSITY

CORONAVIRUS -STOP THE SPREAD - CLEAN,DISINFECT,COVER

Knowing children : (Record no. 129253)

MARC details
000 -LEADER
fixed length control field 01350cam a2200313 a 4500
001 - CONTROL NUMBER
control field 3382534
003 - CONTROL NUMBER IDENTIFIER
control field ARRUPE
005 - DATE AND TIME OF LATEST TRANSACTION
control field 20190327110329.0
008 - FIXED-LENGTH DATA ELEMENTS--GENERAL INFORMATION
fixed length control field 880406s1988 cau b 000 0 eng
010 ## - LIBRARY OF CONGRESS CONTROL NUMBER
LC control number 88014016
020 ## - INTERNATIONAL STANDARD BOOK NUMBER
International Standard Book Number 0803933649 :
Terms of availability $12.50
020 ## - INTERNATIONAL STANDARD BOOK NUMBER
International Standard Book Number 0803933657 (pbk.) :
Terms of availability $6.00
040 ## - CATALOGING SOURCE
Original cataloging agency DLC
Transcribing agency DLC
Modifying agency DLC
050 00 - LIBRARY OF CONGRESS CALL NUMBER
Classification number HQ767.85
Item number .F56 1988
082 00 - DEWEY DECIMAL CLASSIFICATION NUMBER
Classification number 305.2/3/072
Edition number 19
300 ## - PHYSICAL DESCRIPTION
Dimensions 23 cm.
100 1# - MAIN ENTRY--PERSONAL NAME
Personal name Fine, Gary Alan.
9 (RLIN) 45369
245 10 - TITLE STATEMENT
Title Knowing children :
Remainder of title participant observation with minors /
Statement of responsibility, etc Gary Alan Fine and Kent L. Sandstrom.
260 ## - PUBLICATION, DISTRIBUTION, ETC. (IMPRINT)
Place of publication, distribution, etc Newbury Park, Calif. :
Name of publisher, distributor, etc Sage Publications,
Date of publication, distribution, etc c1988.
300 ## - PHYSICAL DESCRIPTION
Extent 88 p. ;
440 #0 - SERIES STATEMENT/ADDED ENTRY--TITLE
Title Qualitative research methods ;
Volume number/sequential designation v. 15
9 (RLIN) 45370
504 ## - BIBLIOGRAPHY, ETC. NOTE
Bibliography, etc Bibliography: p. 79-84.
650 #0 - SUBJECT ADDED ENTRY--TOPICAL TERM
Topical term or geographic name as entry element Children
General subdivision Research
-- Methodology
-- Case studies.
9 (RLIN) 45371
650 #0 - SUBJECT ADDED ENTRY--TOPICAL TERM
Topical term or geographic name as entry element Participant observation
General subdivision Case studies.
9 (RLIN) 45372
700 1# - ADDED ENTRY--PERSONAL NAME
Personal name Sandstrom, Kent L.
9 (RLIN) 45373
856 42 - ELECTRONIC LOCATION AND ACCESS
Materials specified Publisher description
Uniform Resource Identifier <a href="http://www.loc.gov/catdir/enhancements/fy0655/88014016-d.html">http://www.loc.gov/catdir/enhancements/fy0655/88014016-d.html</a>
856 41 - ELECTRONIC LOCATION AND ACCESS
Materials specified Table of contents only
Uniform Resource Identifier <a href="http://www.loc.gov/catdir/enhancements/fy0655/88014016-t.html">http://www.loc.gov/catdir/enhancements/fy0655/88014016-t.html</a>
906 ## - LOCAL DATA ELEMENT F, LDF (RLIN)
a 7
b cbc
c orignew
d 1
e ocip
f 19
g y-gencatlg
942 ## - ADDED ENTRY ELEMENTS (KOHA)
Source of classification or shelving scheme Library of Congress Classification
Koha item type Monograph ( Printed materials)
Holdings
Withdrawn status Lost status Source of classification or shelving scheme Damaged status Not for loan Collection code Home library Current library Shelving location Date acquired Total Checkouts Full call number Barcode Date last seen Date checked out Price effective from Koha item type
    Library of Congress Classification     Main Collection ARRUPE LIBRARY ARRUPE LIBRARY Main Collection 27/03/2019 3 HQ767.85 .F56 1988 46600004291 15/11/2023 06/10/2023 27/03/2019 Monograph ( Printed materials)

 

Arrupe Library. PO Box MP320 Mt Pleasant, Harare, Zimbabwe
263 242 745411|librarian@aju.ac.zw